Nguyễn Ái Quốc: từ lý luận đến thực tiễn con đường cách mạng Việt Nam (sách chuyên khảo)

Enregistré dans:
Détails bibliographiques
Auteur principal: Lương, Minh Cừ
Format: Livre
Langue:Undetermined
Publié: Hà Nội Chính trị Quốc gia 2013
Sujets:
Tags: Ajouter un tag
Pas de tags, Soyez le premier à ajouter un tag!
Thư viện lưu trữ: Trung tâm Học liệu Trường Đại học Cần Thơ
LEADER 00721nam a2200205Ia 4500
001 CTU_194373
008 210402s9999 xx 000 0 und d
020 |c 59000 
082 |a 959.7092 
082 |b C550 
100 |a Lương, Minh Cừ 
245 0 |a Nguyễn Ái Quốc: từ lý luận đến thực tiễn con đường cách mạng Việt Nam 
245 0 |b (sách chuyên khảo) 
245 0 |c Lương Minh Cừ, Nguyễn Tấn Hưng 
260 |a Hà Nội 
260 |b Chính trị Quốc gia 
260 |c 2013 
650 |a Communists,Người cộng sản 
650 |x Biography,Tiểu sử 
980 |a Trung tâm Học liệu Trường Đại học Cần Thơ